Cours de statistique appliquée aux affaires

Gespeichert in:
Bibliographische Detailangaben
1. Verfasser: Huber, Michel
Format: Buch
Sprache:Französisch
Veröffentlicht: Paris Hermann 1943
Tags: Tag hinzufügen
Keine Tags, Fügen Sie das erste Tag hinzu!

MARC

LEADER 00000nam a2200000 4500
001 c126610
005 20041019155238.5
041 0 |a fre 
044 |a FR 
245 1 0 |a Cours de statistique appliquée aux affaires  |c Michel Huber 
264 1 |a Paris  |b Hermann  |c 1943 
300 |a 102 s. 
100 1 |a Huber, Michel